Statistics for GAA All Ireland Winning Team 2021

Click here to take the quiz!

General Stats

  • This quiz has been taken 8 times
  • The average score is 11 of 15

Answer Stats

HintAnswer% Correct
LWFConor Meyler
100%
Niall Morgan
100%
FBRonan McNamee
100%
MFConn Kilpatrick
86%
LCFConor McKenna
86%
RCFDarren McCurry
86%
LWBKieran McGeary
86%
MFBrian Kennedy
71%
FFMattie Donnelly
71%
RWFNiall Sludden
71%
RCBPadraig Hampsey
71%
RWBFrank Burns
57%
CBPeter Harte
57%
CFMichael O'Neill
43%
LCBMichael McKiernan
29%

Score Distribution

Percentile by Number Answered

Percent of People with Each Score

Your Score History

You have not taken this quiz